| 000 | 00953cab a2200277 4500 | ||
|---|---|---|---|
| 001 | ABS46856 | ||
| 008 | 090401t1992 xxu||||| |||| 00| 0 eng d | ||
| 035 | _a(Sirsi) u59770 | ||
| 041 | _aeng | ||
| 100 | _aCottam, G. | ||
| 245 | _a7th edition rings in modest changes | ||
| 260 | _c1992 | ||
| 350 | _a0 | ||
| 490 |
_aConstruction News _v(6275) 30 July 1992, 14(1) |
||
| 520 | _aOutlines the major revisions to the Department of Transport (DTp)`s specification for road and highway works "in the 7th edition of "Manual of contract documents for highways works" (6 vols) and "Design manual for roads and bridges" (10 vols). | ||
| 650 | _aBRIDGES | ||
| 650 |
_aContracts _96232 |
||
| 650 | _aDESIGN MANUAL | ||
| 650 | _aHIGHWAY WORKS | ||
| 650 | _aMANUAL | ||
| 650 | _aPROPERTY-INFRASTRUCTURE-TRANSPORT INFRASTRUCTURE-ROAD INFRASTRUCTURE | ||
| 650 | _aSPECIFICATION | ||
| 690 | _aBUILT ENVIRONMENT | ||
| 942 | _n0 | ||
| 948 | _c04/03/1997 | ||
| 999 |
_c36738 _d36738 |
||